000 00667cam a2200193 4500
001 WB3616-42
008 000000n2000 000 0 eng u
035 _a(Sirsi) u105477
245 _aCommercial firms prepare for internet era
260 _c2000
490 _aSolicitors' Journal
_v144(14) 14 April 2000, 334(1)
520 _aConsiders how some of the UK's biggest law firms are preparing their high volume conveyancing subsidiaries for the internet era, to enhance the pace of business.
590 _aWB
650 _aCONVEYANCING
650 _aINTERNET SERVICES
650 _aON-LINE SERVICES
690 _aINFORMATION TECHNOLOGY-INTERNET
942 _n0
999 _c63195
_d63195